00871nam a22002057a 4500999001700000003000900017008004100026040007100067082001500138100002000153245004000173260003100213300002800244505021200272650002100484650002900505942001600534945002000550952009500570 c17175d17175AR-CdUCM190507b ||||| |||| 00| 0 spa d aMUNICIPALIDAD PROVINCIAL DEL CUSCOcBIBLIOTECA MUNICIPAL DEL CUSCO a330 /bL49 aLerner, Abba P. aLa economía, asunto de todos /b  aMéxico :bLimusa,c1965. a214 páginas ;c19 cm. aContenido :La economía se ocupa de la gente -- ¿Que es un precio justo? -- Democracia económica -- La deuda nacional -- ¿Porque hay impuestos? -- La economía política o el uso de la economía ... aEconomía.9382 aHuelgas sociales.937027 2ddccLIBROS arumd2019-05-07 002ddc4070aSHbSHcCARTd2019-05-07g20.00o330 / L49pSH0000012172r2019-05-07yLIBROS